A-Z of Answer #3 - Geography Edition - Statistics

General Stats
  • This quiz has been taken 589 times
  • The average score is 10 of 26
Answer Stats
Hint Answer % Correct
B European Sea Bordered by Lithuania, Latvia, Estonia, Russia, Finland, Sweden, Denmark, Germany and Poland Baltic Sea
92%
E The Only Country in Africa not Colonized by Europeans that has Adopted the Metric System Ethiopia
84%
F The Swedish-Speaking Country with the Lowest GDP Finland
78%
G Ecuadorian Archipelago with an Population of Rougly 25,000 Galápagos Islands
71%
M Island; World's Leading Producer of Vanilla Madagascar
60%
S Country that Separates Guyana and French Guiana Suriname
59%
I Unrecognized Islamic Caliphate of Syria and Iraq Islamic State
58%
H Capital of Nova-Scotia, Canada Halifax
53%
C This Island Nation Borders Akrotiri and Dhekelia. Cyprus
52%
A Capital of the Kingdom which Consists of Aruba, Curaçao, Sint Maarten and One Other Country Amsterdam
50%
U One of Only Two Doubly-Landlocked Countries. Is not Liechtenstein. Uzbekistan
41%
V The Only Country to have an Elected, Non-Hereditary, Absolute Monarchy Vatican City
36%
P Capital of the Country known as Democratic Kumpuchea from 1975-1979 Phnom Penh
34%
J Other Name for Former Nation that Bordered Albania before Dissolution Jugoslavia
33%
Z Former Name of Country with Kinshasa as it's Capital City Zaire
29%
K Cuboid Building inside Al-Masjid al-Haram Ka'aba
28%
T Country formerly known as the Ellice Islands Tuvalu
27%
Y National Park in California, United States of America Yosemite National Park
27%
O Capital of the EEA Country that is Neither Land-Locked or an Island Oslo
25%
R Valley of the Ten Peaks is part of this Mountain Range Rocky Mountains
23%
X Capital of the Shaanxi Province of the People's Republic of China Xi'an
23%
W US State Home to Harpers Ferry National Historical Park West Virginia
22%
D Nord, Paris and Bouches-De-Rhône are all Examples of this Departments
12%
L The World's Most Northernmost Town of 2000+ Residents Longyearbyen, Svalbard
6%
N Dutch Province Containing Eindhoven, Tilburg and Breda Norde Brabant (North Brabant)
4%
Q Currency of Country that Will Host the 2022 World Cup Qatari Riyal
4%
No matching quizzes found
Score Distribution
Percent of People with Each Score
Percentile by Number Answered
Your Score History
You have not taken this quiz